Estatuto de Defesa do Torcedor

Bibliographic Details
Main Author: Simô, Calil
Format: Book
Language:Portuguese
Published: Brasil JH Mizuno 2011
Subjects:
Online Access:Acceso restringido

MARC

LEADER 00000nam a22000007a 4500
005 20160302152312.0
007 cr|||| ||u|
008 160302s2011 bl ||||| |||| 00||0 por d
020 |a 978-85-7789-110-8 
035 |a 14006 
040 |a vLex 
090 |c 5951  |d 5951 
100 1 |a Simô, Calil  
245 1 0 |a Estatuto de Defesa do Torcedor  |h [Recurso electrn̤ico] / 
256 |a Servei en ln̕ea  
260 |a Brasil   |b JH Mizuno  |c 2011 
300 |a 1 recurso electrn̤ico  
506 1 |a Contenido solo disponible en los productos indicados   |d vLex Global  |d vLex Global (Academic Edition, excluding Law Schools)  |d vLex Global (U.S. Academic Edition, Law Schools)  |d vLex Global (U.S. Academic Edition, excluding Law Schools)  |d vLex Global (Academic Edition, Law Schools) 
650 0 4 |a Derecho  |z Brasil  
740 0 |a vLex libros (servicio en ln̕ea)  
856 4 0 |u http://vlex.com/source/estatuto-defesa-torcedor-14006  |z Acceso restringido  
942 |c BOOK 
999 0 |a Law